Zmeny v sociálnom a zdravotnom poistení účinné od 1. 1. 2011 a ich aplikácia v praxi

Podstatou zmien účinných od 1. januára 2011 je zahájenie postupného zosúlaďovania vymeriavacieho základu, z ktorého poistenci platia poistné na sociálne a zdravotné poistenie so základom dane podľa zákona o dani z príjmov. Je to základný predpoklad, aby sa mohol zjednotiť výber daní, cla a poistných...

Ausführliche Beschreibung

Gespeichert in:
Bibliographische Detailangaben
1. Verfasser: Strýčková, Jolana
Format: Buchkapitel
Sprache:Slowakisch
Schlagworte:
Tags: Tag hinzufügen
Keine Tags, Fügen Sie das erste Tag hinzu!

MARC

LEADER 00000naa a2200000 4500
001 0128998
005 20231208083941.7
041 0 |a slo 
044 |a SK 
245 1 0 |a Zmeny v sociálnom a zdravotnom poistení účinné od 1. 1. 2011 a ich aplikácia v praxi  |c Jolana Strýčková 
520 |a Podstatou zmien účinných od 1. januára 2011 je zahájenie postupného zosúlaďovania vymeriavacieho základu, z ktorého poistenci platia poistné na sociálne a zdravotné poistenie so základom dane podľa zákona o dani z príjmov. Je to základný predpoklad, aby sa mohol zjednotiť výber daní, cla a poistných odvodov prostredníctvom systému „spoločného výberového miesta“. Ilustračné príklady. 
610 2 0 |a poistné 
610 2 0 |a poistníci 
610 2 0 |a poistenie sociálne 
610 2 0 |a poistenie zdravotné 
610 2 0 |a odvody 
610 2 0 |a Slovensko 
610 2 0 |a legislatíva 
100 1 |a Strýčková, Jolana